Αυτοκίνητα : αστική και ποινική ευθύνη

Αποθηκεύτηκε σε:
Λεπτομέρειες βιβλιογραφικής εγγραφής
Κύριος συγγραφέας: Βαφειάδου, Παναγιώτα Β.
Μορφή: Βιβλίο
Γλώσσα:Greek
Δημοσίευση: Αθήνα : Νομική Βιβλιοθήκη, 1996
Θέματα:
Ετικέτες: Προσθήκη ετικέτας
Δεν υπάρχουν, Καταχωρήστε ετικέτα πρώτοι!

MARC

LEADER 00000nam a2200000 i 4500
001 1/67987
008 971212s1996 gre d
035 |a ΠΑΡ-1997  |b 04/04  |c ΡΟΥΜΕΛΙΩΤΗΣ  |l 10030111 
040 |a GR-MY-UA  |b    |e aacr 
041 0 |a gre 
082 0 |a 346.0322 
100 1 |a Βαφειάδου, Παναγιώτα Β. 
245 1 0 |a Αυτοκίνητα :  |b αστική και ποινική ευθύνη /  |c Π.Βαφειάδου 
260 |a Αθήνα :   |b Νομική Βιβλιοθήκη,   |c 1996 
650 0 0 |a Law  |z Greece. 
852 |a INST  |b CHIOS  |e 19971212  |h 346.0322 ΒΑΦ  |p 005200010221  |q 005200010221  |t BK  |y 0 
909 |a Χ  |b 052012 
922 |a 2ΕΛΗ  |b 199711  |c ΡΟΥΜΕΛΙΩΤΗΣ  |d EMVASIS